Odhalení busty generála Langiewicze v Tišnově

Podrobná bibliografia
Hlavný autor: Štoček, Ondřej (Author)
Médium: Článok
Jazyk:Czech
Témy:
Zdroj: 1. Slévárenství 1. Roč. LXII, č. 7-8 (2014), s. 302-303 1. 0037-6825
LEADER 00940nab#a2200313#ar4500
001 000114513
003 SVKKK
005 20141126110602.0
008 130826c2014 xr |||||||||||||||b|cze
FMT
038 |a SVKKK 
040 |a SVKKK  |b slo  |e AACR2 
041 0 |a cze 
044 |a xr  |c CZ 
080 |a 673.3  |x (437.1/.2)  |2 2008 
080 |a 725.942:929 Langiewicz, Marian  |x (437.1/.2)  |2 2008 
100 1 |a Štoček, Ondřej  |4 aut 
245 1 0 |a Odhalení busty generála Langiewicze v Tišnově  |c Ondřej Štoček 
300 |b Obr. 
600 1 4 |a Langiewicz, Marian  |x diktátor januárového povstania  |y 1863  |z Poľsko 
650 0 4 |a umelecké odliatky 
650 0 4 |a busta Mariana Langiewicza  |x odliatky 
650 0 4 |a pamätné tabule  |x odhalenie  |y 24.5.2014  |z Tišňov, Česko 
773 0 |t Slévárenství  |g Roč. LXII, č. 7-8 (2014), s. 302-303  |x 0037-6825 
974 |a MI 
992 |a RBX 
BAS
852 |a SVKKK  |b BIB 
998 |a HUT